Регионална библиотека "Любен Каравелов" - Русе

Васил Кънчов и неговите пътувания по Македония (Запис номер 183467)

MARC детайли
000 -Лидер
Контролно поле с фиксирана дължина 01853nam a2200409 c 4500
003 - Код на организацията, давaща контролен номер
Контролно поле BLK
005 - Дата и час на последна редакция
Контролно поле 20240313005507.0
008 - Елементи от данни с фиксирана дължина
fixed length control field 180411b bul|||||r ||||||| ||bul||
010 ## - Наследен системен номер
LC control number KNG00192399000
040 ## - Източник на каталожния запис
Идентификатор на билиотеката - собственик на записа BLK
041 ## - Код за език
Код за езика на текст/звукозапис или на отделно заглавие Български
Код за езика КДБФ Български
072 #7 - Код за тематичната категория
Код организация bullib
Код за тематична категория А
Текст Фонд Михаил Арнаудов
080 ## - УДК
УДК код - определител по УДК 949.72.04/.05
УДК определител (092)
УДК - код + определител 949.72.04/.05(092)
080 ## - УДК
Текстов определител УДК Български политик (министър) и учен (географ, историк, академик на БАН)
УДК код - определител по УДК 929 Кънчов, Васил Иванов
УДК - код + определител 929 Кънчов, Васил Иванов
100 1# - Редна дума - Автор
Автор Арнаудов, Михаил Петров
R(LIN) 33558
139 ## - Редно поле
Редна дума Арнаудов, Михаил Петров
Авторски знак Арн - А 87
245 10 - Сведения за заглавието
Заглавие Васил Кънчов и неговите пътувания по Македония
Редно поле (дума) Михаил Петров Арнаудов.
257 ## - Страна на издаване
Страна на създаване/издаване България
260 ## - Област на издателските данни
Година на издаване 1927
300 ## - Физическа характеристика
Страници 41 с.
Размери/Мащаб 22 см
380 ## - Жанр
Жанр История
490 ## - СЕРИИ (Колекции)
9 (RLIN) 396381
Име на серия Частна колекция - Академик Михаил Арнаудов
Бележки за серията Дарение - Основен фонд
500 ## - Общи забележки
Забележка Отд. отпеч. -Задраскано заглавие на кор. и на загл. с. ; бележки по полетата, поправки в текста и подчертаване (120000820151). - Мека подв.
600 14 - Име на лице, използвано като предмет
За него / За нея Кънчов, Васил Иванов
9 (RLIN) 86461
650 #4 - Допълнително описание по предмет – тема
Основно описание – тема или топоним Историци, български
9 (RLIN) 245243
653 ## - Ключова дума – ненормативна
Ключова дума български учени
653 ## - Ключова дума – ненормативна
Ключова дума историци
653 ## - Ключова дума – ненормативна
Ключова дума Васил Кънчов
659 ## - Тематичен бюлетин
Тематичен бюлетин А
852 ## - Местоположение
Форматна сигнатура МА 66
856 4# - Електронен адрес и достъп
Електронен формат pdf - файл
856 4# - Електронен адрес и достъп
Електронен формат pdf - файл
999 ## - СИСТЕМНИ КОНТРОЛНИ НОМЕРА
Koha biblionumber 183467
Koha biblioitemnumber 183467
942 ## - АРТИКУЛИ
Вид на библиотечния материал Книги
Скрит в OPAC Не
Периодичен библиозапис Да
944 ## - СЪЗДАВАНЕ И РЕДАКЦИЯ на ЗАПИСА
Създаване/Редакция Създаване
Дата на регистрацията/редакция 11.10.2016
Служител, извършил регистрацията/редакцията
Статус, дата на статуса CRON CRON
944 ## - СЪЗДАВАНЕ И РЕДАКЦИЯ на ЗАПИСА
Създаване/Редакция Редакция
Дата на регистрацията/редакция 11.10.2016
Служител, извършил регистрацията/редакцията Геновева_Генчева
999 ## - СИСТЕМНИ КОНТРОЛНИ НОМЕРА
Koha biblioitemnumber 183467
Наличности
Код за отписване Код за изгубен артикул Източник на класификационната схема Код за повреда Коз за рестрикции Код за отдаване Артикулен № Име на библиотеката - собственик Име на библиотеката, в която се намира в момента Статус (Текущо местоположение) Дата на вписване в системата Местоположение - отдел Цена в лева Инвентарен номер Систематично азбучна сигнатура Баркод Номер на екземпляра Цена в евро Служебна бележка Служебен тип на артикула
  Не е изгубен Universal Decimal Classification Не е повреден само за читалня Специални фондове ( старопечатни, редки и ценни, фонд М. Арнаудов) 316376 Регионална библиотека "Любен Каравелов" Русе Регионална библиотека "Любен Каравелов" Русе Фонд "Михаил Арнаудов" 1973-01-01 Фонд "Михаил Арнаудов" 0.30 319886 МА 66 120000319886 1 0.15 Дост: DA Вид: А N: стар фонд Дата: 01.01.1973 Книги
  Не е изгубен Universal Decimal Classification Не е повреден само за читалня Специални фондове ( старопечатни, редки и ценни, фонд М. Арнаудов) 316377 Регионална библиотека "Любен Каравелов" Русе Регионална библиотека "Любен Каравелов" Русе Фонд "Михаил Арнаудов" 1973-01-01 Фонд "Михаил Арнаудов" 8.00 587710 МА 66 120000587710 2 4.09 Дост: DA Вид: А N: стар фонд Дата: 01.01.1973 Книги
  Не е изгубен Universal Decimal Classification Не е повреден само за читалня Специални фондове ( старопечатни, редки и ценни, фонд М. Арнаудов) 316378 Регионална библиотека "Любен Каравелов" Русе Регионална библиотека "Любен Каравелов" Русе Фонд "Михаил Арнаудов" 1973-01-01 Фонд "Михаил Арнаудов" 8.00 587711 МА 66 120000587711 3 4.09 Дост: DA Вид: А N: стар фонд Дата: 01.01.1973 Книги
  Не е изгубен Universal Decimal Classification Не е повреден само за читалня Специални фондове ( старопечатни, редки и ценни, фонд М. Арнаудов) 688129 Регионална библиотека "Любен Каравелов" Русе Регионална библиотека "Любен Каравелов" Русе Фонд "Михаил Арнаудов" 2019-01-17 Фонд "Михаил Арнаудов" 10.00   МА 66 120000820150   5.11   Книги
  Не е изгубен Universal Decimal Classification Не е повреден само за читалня Специални фондове ( старопечатни, редки и ценни, фонд М. Арнаудов) 688130 Регионална библиотека "Любен Каравелов" Русе Регионална библиотека "Любен Каравелов" Русе Фонд "Михаил Арнаудов" 2019-01-17 Фонд "Михаил Арнаудов" 10.00   МА 66 120000820151   5.11   Книги
Vip Innovations Ltd, Rousse, Bulgaria 2025